Loading...
| Philosophy | 0 | 9 | 0 | 0 | 90 | 67 | 91.67 | 2 | 8 | 0.00 | 0.00 |
| Fine Arts - Classical Music | 0 | 8 | 0 | 1 | 80 | 92 | 122.50 | 1 | 4 | 0.00 | 0.00 |
| Literature - European | 0 | 8 | 1 | 0 | 75 | 32 | 92.00 | 3 | 6 | 0.00 | 0.00 |
| Literature - American | 0 | 7 | 1 | 0 | 65 | 49 | 87.00 | 1 | 6 | 0.00 | 0.00 |
| Science - Physics | 0 | 6 | 0 | 0 | 60 | 90 | 100.83 | 2 | 3 | 0.00 | 0.00 |
| Social Science | 0 | 5 | 0 | 1 | 50 | 61 | 97.40 | 1 | 3 | 0.00 | 0.00 |
| History - Other | 0 | 5 | 0 | 0 | 50 | 88 | 112.20 | 0 | 4 | 0.00 | 0.00 |
| History - World | 0 | 5 | 0 | 1 | 50 | 89 | 131.20 | 1 | 3 | 0.00 | 0.00 |
| Literature - World | 0 | 5 | 0 | 0 | 50 | 85 | 107.80 | 1 | 4 | 0.00 | 0.00 |
| Science - Other | 0 | 5 | 1 | 2 | 45 | 95 | 114.20 | 0 | 2 | 0.00 | 0.00 |
| Literature - British | 0 | 5 | 2 | 1 | 40 | 62 | 85.00 | 2 | 5 | 0.00 | 0.00 |
| Science - Chemistry | 0 | 4 | 0 | 1 | 40 | 70 | 102.75 | 1 | 2 | 0.00 | 0.00 |
| Fine Arts - Painting and Sculpture | 0 | 4 | 1 | 0 | 35 | 94 | 108.25 | 0 | 3 | 0.00 | 0.00 |
| Mythology | 0 | 4 | 1 | 1 | 35 | 103 | 112.50 | 0 | 4 | 0.00 | 0.00 |
| Science - Biology | 0 | 4 | 1 | 0 | 35 | 80 | 86.50 | 1 | 4 | 0.00 | 0.00 |
| Religion | 0 | 4 | 1 | 0 | 35 | 79 | 109.75 | 3 | 4 | 0.00 | 0.00 |
| History - European | 0 | 3 | 1 | 1 | 25 | 86 | 109.33 | 0 | 1 | 0.00 | 0.00 |
| Fine Arts - Other | 0 | 3 | 1 | 0 | 25 | 96 | 125.00 | 1 | 2 | 0.00 | 0.00 |
| History - American | 0 | 2 | 0 | 0 | 20 | 88 | 107.00 | 0 | 2 | 0.00 | 0.00 |
| Pop Culture | 0 | 1 | 0 | 0 | 10 | 52 | 52.00 | 0 | 1 | 0.00 | 0.00 |
| Geography | 0 | 1 | 0 | 0 | 10 | 121 | 121.00 | 0 | 0 | 0.00 | 0.00 |
| Other Academic | 0 | 1 | 0 | 0 | 10 | 83 | 83.00 | 0 | 1 | 0.00 | 0.00 |